000 00527nam a2200145 4500
999 _c15957
_d15957
008 210125b ||||| |||| 00| 0 eng d
022 _a0732-8435
082 _aDPer 657.05 C33 Feb - Aug 2012, v. 82
100 _aSegal, Mark.
_942815
245 _aConsideration in the classification of workers:
_bSchramm decision addresses adjunct professors/
_cMark Segal.
260 _aNew York:
_bThe New York State Society of CPA,
_c©2012.
300 _av82 n2, pages 52-53;
_c28 cm.
650 _aTaxation.
_942816
942 _2ddc
_cPER